| 000 | 00317nam a2200145 i 4500 | ||
|---|---|---|---|
| 001 | bg | ||
| 245 | 0 | 0 |
_aThe Encyclopedia Britannica. _nVol. 4. |
| 250 | _a14 ed. | ||
| 260 |
_aLondon, _c1929-1936. |
||
| 040 | _cBPK | ||
| 041 | _apol | ||
| 080 | _a0/9(03) | ||
| 942 | _cKS | ||
| 008 | s pl f |000 0 pol | ||
| 999 |
_c7869 _d7869 |
||
| 856 |
_uhttp://koha.tu.koszalin.pl/cgi-bin/koha/opac-detail.pl?biblionumber=7869 _yKatalog online BPK |
||